100 Cities by Letter - H - Statistics

General Stats
  • This quiz has been taken 1,298 times
  • The average score is 33 of 100
Answer Stats
Hint City % Correct
Struck by an atomic bomb Hiroshima
97%
Germany's number one port Hamburg
94%
Formerly called "Saigon" Ho Chi Minh City
94%
Former British colony in China Hong Kong
94%
Located near Pearl Harbor Honolulu
91%
Visited by Jane Fonda in 1972 Hanoi
90%
Tasmanian capital Hobart
81%
Capital of Lower Saxony, Germany Hanover
73%
Capital of Pennsylvania Harrisburg
73%
Capital of Crete Heraklion
71%
Was hurt by Hurricane Harvey Houston
69%
Capital of the Solomon Islands Honiara
67%
Capital of Montana Helena
66%
Baháʼí World Centre site Haifa
65%
Where Tropicana and Malecon are Havana
62%
1952 Summer Olympics host Helsinki
61%
Where William the Conquerordefeated Harold in 1066 Hastings
60%
South Dakotan city or a Great Lake Huron
56%
Chinese ice sculpture festival site Harbin
54%
Persian Gulf's only strait namesake Hormuz
54%
End point of China's Grand Canal Hangzhou
51%
Floridan city or LA's "Tinseltown" Hollywood
50%
Ethiopian walled city Harar
49%
Vietnam's "imperial city" Hue
48%
New Zealand' largest inland city Hamilton
47%
Germany's oldest University Heidelberg
45%
Named "Salisbury" until 1982 Harare
44%
Resort town paired with Brighton Hove
43%
Alabama's "Rocket City" Huntsville
42%
Capital of Somaliland Hargeisa
41%
1955 Swedish World's fair host Helsingborg
41%
City near Mauna Kea Hilo
41%
Syrian city once called "Emesa" Homs
41%
Main city of Hainan Haikou
40%
Third-biggest city in Afghanistan Herat
40%
Montenegrin city with namesakeof Bosnia's other half {Herceg} Novi
39%
Site of a huge explosion in 1917 Halifax
38%
Capital of North Holland Haarlem
37%
"Insurance Capital of the World" Hartford
37%
Syrian city known for its norias Hama
36%
Birthplace of tofu Huainan
36%
City in Maryland named for a"harbour" in northern France Havre de Grace
33%
Capital of Anhui, China Hefei
33%
Largest city in Saxony-Anhalt Halle
32%
Tollywood Hyderabad
32%
Miami suburb that is 94% Hispanic Hialeah
31%
Capital of Inner Mongolia Hohhot
31%
Capital of Sonora, Mexico Hermosillo
30%
Egyptian resort on the Red Sea Hurghada
30%
Vietnamese city on a picturesque bay composed of many islands Hạ Long
28%
Home to Spain's oldest football club Huelva
28%
First city with electricity in Vietnam Haiphong
24%
PEPCON disaster site in Nevada Henderson
24%
Danish city across the above Helsingør
23%
Site of the intersection of Chocolate and Cocoa avenues Hershey
23%
Kingdom of Aragon's former capital Huesca
23%
Capital of Guam Hagåtña
22%
Well-known resort islandin South Carolina Hilton Head Island
22%
Largest costal city of North Korea Hamhung
21%
World's northernmost town(population > 10,000) Hammerfest
21%
Arkansas's only national park Hot Springs
21%
University of Southern Mississippi Hattiesburg
18%
Burial place of Abraham Hebron
17%
Tunisian resort meaning "baths" Hammamet
16%
Site of Japan's most visited castle Himeji
16%
Bill Clinton's Arkansan hometown Hope
16%
Home to the largest inland portin the United States Huntington
16%
Third-largest city in Hokkaido Hakodate
15%
Picturesque lake village in Austria Hallstatt
15%
Langley Air Force Base Hampton
15%
Western end of Alaska Route 1 Homer
15%
Angolan inland city formerly called "Nova Lisboa" Huambo
15%
Greek island town named "water" Hydra
15%
Main town of the Easter Island Hanga Roa
14%
Main city of Halland, Sweden Halmstad
13%
Indianan city bordering Chicago Hammond
13%
Intel's Ronler Acres campusin suburban Portland Hillsboro
13%
Dalmatian island town namesake with ferries going to Split Hvar
13%
City near Nagoya with a sizeableBrazilian-Japanese population Hamamatsu
12%
Coastal Swedish city on the Finnish border Haparanda
12%
City in NC's Piedmont Triad High Point
12%
Where Rugby league originated Huddersfield
12%
Cuba's fourth-largest city; also near where Columbus landed in Cuba Holguín
11%
Largest town in the Isle of Anglesey Holyhead
11%
Gateway to the Everglades Homestead
11%
Biggest city in southern Thailand Hat Yai
9%
Taiwan's "Silicon Valley" Hsinchu
9%
Hometown of the Rashid family;historical rivals to the Saudis Hail
8%
Twin city of Dharwad in Karnataka Hubli
8%
This Iranian city was the capital of the Medes Hamadan
7%
Kenyan nature resort on Lake Victoria near a national park {Homa} Bay
6%
Icelandic town mentioned in Will Farrell's "Eurovision" movie Húsavík
6%
Located right south of Babylon Hillah
5%
Israel's 2nd-largest industrial zone Holon
5%
Legislative capital of the Azores Horta
5%
New Jersey town that inspired andgave name to "Halloween" setting Haddonfield
2%
Somali city with namesake of mainland Africa's easternmost point Hafun
2%
Nearest town to Denali Healy
2%
Namesake of a Korean fortressthat is a World Heritage site Hwaseong
2%
Belgian city that was site of theWWII's first tank battle Hannut
1%
No matching quizzes found
Score Distribution
Percent of People with Each Score
Percentile by Number Answered
Your Score History
You have not taken this quiz